| 000 | 00503nam a2200145 i 4500 | ||
|---|---|---|---|
| 001 | 23277 | ||
| 003 | ES-MaACL | ||
| 005 | 20230906152838.0 | ||
| 007 | t| | ||
| 008 | 021210s1870 xxk ||||1| spa d | ||
| 100 | 1 |
_aAlvarez, J. _920640 |
|
| 245 | 1 | 3 |
_aLa deuda extranjera en España 1822-1870 _b: reseña de las varias conversiones, un estudio demostrativo del resultado para el Gobierno y los poseedores de títulos / _cJ. Alvarez. |
| 260 |
_aLondon : _b[s.n.], _c1870. |
||
| 852 |
_aES-MaACL _jT-1286-F-1 |
||
| 999 |
_c23277 _d23277 |
||